[Event "FRA-ch Open A-D 2018"]
[Site "Nimes"]
[Date "2018.08.24"]
[Round "7"]
[White "Alashtar, Aasef"]
[Black "Chemier, Maxime"]
[Result "1-0"]
[WhiteElo "1724"]
[BlackElo "1626"]
[Annotator "NA"]
[PlyCount "87"]
[EventDate "2018.08.18"]
[EventType "tourn"]
[EventCountry "FRA"]
[SourceTitle "playchess.com"]
[Source "ChessBase"]
[SourceQuality "1"]
[TimeControl "40/5400+30:1800+30"]

1. g3 {[%emt 0:00:00]} d5 {[%emt 0:00:32]} 2. Bg2 {[%emt 0:00:00]} Nf6 {[%emt 0:00:34]} 3. Nf3 {[%emt 0:00:05]} Bf5 {[%emt 0:01:04]} 4. d4 {[%emt 0:03:28]} e6 {[%emt 0:02:44]} 5. O-O {[%emt 0:00:49]} Bd6 {[%emt 0:00:33]} 6. c4 {[%emt 0:05:23]} dxc4 {[%emt 0:07:41]} 7. Qa4+ {[%emt 0:01:16]} Nbd7 {[%emt 0:00:50]} 8. Qxc4 {[%emt 0:00:23]} Nb6 {[%emt 0:00:39]} 9. Qb3 {[%emt 0:01:08]} c6 {[%emt 0:04:22]} 10. Nc3 {[%emt 0:00:40]} Ne4 {[%emt 0:03:28]} 11. Nh4 {[%emt 0:02:23]} Nxc3 {[%emt 0:00:53]} 12. bxc3 {[%emt 0:01:47]} Bg4 {[%emt 0:03:55]} 13. Qc2 {[%emt 0:04:35]} Be7 {[%emt 0:03:25]} 14. Nf3 {[%emt 0:02:54]} O-O {[%emt 0:05:30]} 15. Ne5 {[%emt 0:02:31]} Bh5 {[%emt 0:01:41]} 16. e4 {[%emt 0:02:28]} Bd6 {[%emt 0:01:32]} 17. Nd3 {[%emt 0:05:04]} Bg6 {[%emt 0:03:58]} 18. f4 {[%emt 0:01:17]} f6 {[%emt 0:10:35]} 19. Rb1 {[%emt 0:02:35]} Rb8 {[%emt 0:04:21]} 20. c4 {[%emt 0:11:36]} Bxf4 {[%emt 0:05:57]} 21. Nxf4 {[%emt 0:01:50]} Qxd4+ {[%emt 0:00:45]} 22. Kh1 {[%emt 0:01:39]} Qxc4 {[%emt 0:01:09]} 23. Qxc4 {[%emt 0:00:45]} Nxc4 {[%emt 0:00:05]} 24. Nxg6 {[%emt 0:10:36]} hxg6 {[%emt 0:00:20]} 25. Re1 {[%emt 0:00:46]} Rfd8 {[%emt 0:02:53]} 26. Bf1 {[%emt 0:01:41]} Rd4 {[%emt 0:13:41]} 27. Rb4 {[%emt 0:03:00]} b5 {[%emt 0:01:52]} 28. Bxc4 {[%emt 0:00:40]} Rxc4 {[%emt 0:00:21]} 29. Rxc4 {[%emt 0:00:08]} bxc4 {[%emt 0:00:03]} 30. Kg2 {[%emt 0:04:27]} c3 {[%emt 0:01:55]} 31. Re3 {[%emt 0:03:45]} Rb4 {[%emt 0:00:45]} 32. Kf3 {[%emt 0:03:43]} Rc4 {[%emt 0:00:43]} 33. Ke2 {[%emt 0:00:50]} Rc5 {[%emt 0:01:02]} 34. Kd3 {[%emt 0:01:28]} e5 {[%emt 0:02:16]} 35. Kc2 {[%emt 0:00:37]} Rc4 {[%emt 0:00:51]} 36. Kb3 {[%emt 0:02:36]} Rd4 {[%emt 0:03:13]} 37. Kxc3 {[%emt 0:14:25]} Rd1 {[%emt 0:02:53]} 38. Kc2 {[%emt 0:00:46]} Rd4 {[%emt 0:00:28]} 39. Bb2 {[%emt 0:00:17]} Rb4 {[%emt 0:00:13]} 40. Bc3 {[%emt 0:00:24]} Rb5 {[%emt 0:00:44]} 41. a4 {[%emt 0:30:41]} Rb7 {[%emt 0:30:34]} 42. Rd3 {[%emt 0:00:24]} Kf7 {[%emt 0:00:22]} 43. Rd6 {[%emt 0:00:36]} Rc7 {[%emt 0:00:42]} 44. Ba5 {[%emt 0:00:39]} 1-0

[Event "FRA-ch Open A-D 2018"]
[Site "Nimes"]
[Date "2018.08.24"]
[Round "7"]
[White "Piat, Jean Pascal"]
[Black "Silvera, Ruben"]
[Result "1-0"]
[WhiteElo "1711"]
[BlackElo "1688"]
[Annotator "NA"]
[PlyCount "61"]
[EventDate "2018.08.18"]
[EventType "tourn"]
[EventCountry "FRA"]
[SourceTitle "playchess.com"]
[Source "ChessBase"]
[SourceQuality "1"]
[TimeControl "40/5400+30:1800+30"]

1. d4 {[%emt 0:00:17]} d5 {[%emt 0:00:00]} 2. e4 {[%emt 0:00:21]} dxe4 {[%emt 0:00:12]} 3. Nc3 {[%emt 0:00:24]} Nf6 {[%emt 0:00:11]} 4. f3 {[%emt 0:00:12]} exf3 {[%emt 0:01:02]} 5. Nxf3 {[%emt 0:01:01]} Bf5 {[%emt 0:17:26]} 6. Bc4 {[%emt 0:02:47]} e6 {[%emt 0:00:13]} 7. O-O {[%emt 0:02:06]} c6 {[%emt 0:04:23]} 8. Bb3 {[%emt 0:07:08]} h6 {[%emt 0:11:03]} 9. Ne5 {[%emt 0:03:45]} Bd6 {[%emt 0:00:54]} 10. Rxf5 {[%emt 0:05:22]} exf5 {[%emt 0:02:12]} 11. Nxf7 {[%emt 0:03:44]} Bxh2+ {[%emt 0:03:36]} 12. Kh1 {[%emt 0:04:54]} Ne4 {[%emt 0:02:14]} 13. Nxe4 {[%emt 0:12:27]} Qh4 {[%emt 0:00:25]} 14. Nf2 {[%emt 0:03:26]} Bc7+ {[%emt 0:04:35]} 15. Nh3 {[%emt 0:01:08]} Rh7 {[%emt 0:06:18]} 16. Qe2+ {[%emt 0:04:54]} Qe7 {[%emt 0:03:29]} 17. Qxe7+ {[%emt 0:07:33]} Kxe7 {[%emt 0:00:01]} 18. Bd2 {[%emt 0:00:18]} g5 {[%emt 0:05:13]} 19. Re1+ {[%emt 0:06:35]} Kf6 {[%emt 0:00:22]} 20. Nfxg5 {[%emt 0:09:43]} hxg5 {[%emt 0:00:44]} 21. Bxg5+ {[%emt 0:03:35]} Kg6 {[%emt 0:03:42]} 22. Re6+ {[%emt 0:02:41]} Kf7 {[%emt 0:05:01]} 23. Rxc6+ {[%emt 0:03:42]} Ke8 {[%emt 0:00:55]} 24. Re6+ {[%emt 0:00:36]} Kd7 {[%emt 0:00:17]} 25. d5 {[%emt 0:01:06]} Rh8 {[%emt 0:05:19]} 26. Rf6 {[%emt 0:02:50]} Be5 {[%emt 0:00:11]} 27. Ba4+ {[%emt 0:01:24]} Kc8 {[%emt 0:02:02]} 28. Rxf5 {[%emt 0:01:18]} Bxb2 {[%emt 0:00:08]} 29. Rf7 {[%emt 0:01:28]} a6 {[%emt 0:01:13]} 30. d6 {[%emt 0:00:24]} b5 {[%emt 0:00:37]} 31. Rc7# 1-0

[Event "FRA-ch Open A-D 2018"]
[Site "Nimes"]
[Date "2018.08.24"]
[Round "7"]
[White "Long, Raphael"]
[Black "Vette, Valerie"]
[Result "0-1"]
[WhiteElo "1706"]
[BlackElo "1683"]
[Annotator "NA"]
[PlyCount "112"]
[EventDate "2018.08.18"]
[EventType "tourn"]
[EventCountry "FRA"]
[SourceTitle "playchess.com"]
[Source "ChessBase"]
[SourceQuality "1"]
[TimeControl "40/5400+30:1800+30"]

1. d4 {[%emt 0:00:00]} Nf6 {[%emt 0:00:00]} 2. c4 {[%emt 0:00:00]} e6 {[%emt 0:00:00]} 3. Nc3 {[%emt 0:00:09]} Bb4 {[%emt 0:00:00]} 4. e3 {[%emt 0:00:28]} d5 {[%emt 0:11:07]} 5. Qa4+ {[%emt 0:03:44]} Nc6 {[%emt 0:00:09]} 6. Nf3 {[%emt 0:02:25]} Bd7 {[%emt 0:02:08]} 7. Qc2 {[%emt 0:01:46]} dxc4 {[%emt 0:15:00]} 8. Bxc4 {[%emt 0:00:47]} O-O {[%emt 0:01:29]} 9. O-O {[%emt 0:00:54]} Be7 {[%emt 0:07:21]} 10. a3 {[%emt 0:06:16]} a5 {[%emt 0:08:13]} 11. e4 {[%emt 0:08:32]} Na7 {[%emt 0:04:38]} 12. Rd1 {[%emt 0:04:57]} b5 {[%emt 0:06:30]} 13. Bd3 {[%emt 0:01:17]} h6 {[%emt 0:04:14]} 14. d5 {[%emt 0:00:30]} Qc8 {[%emt 0:00:30]} 15. Ne5 {[%emt 0:00:30]} Be8 {[%emt 0:00:30]} 16. Nc6 {[%emt 0:00:30]} Nxc6 {[%emt 0:00:30]} 17. dxc6 {[%emt 0:00:30]} b4 {[%emt 0:00:30]} 18. Ne2 {[%emt 0:00:30]} b3 {[%emt 0:00:30]} 19. Qc4 {[%emt 0:00:30]} a4 {[%emt 0:00:30]} 20. e5 {[%emt 0:00:30]} Nh7 {[%emt 0:00:30]} 21. Nf4 {[%emt 0:00:30]} g5 {[%emt 0:00:30]} 22. Qe4 {[%emt 0:00:30]} f5 {[%emt 0:00:30]} 23. exf6 {[%emt 0:00:30]} Nxf6 {[%emt 0:00:30]} 24. Ng6 {[%emt 0:00:30]} Bc5 {[%emt 0:00:30]} 25. Qc4 {[%emt 0:00:30]} Bxf2+ {[%emt 0:00:30]} 26. Kxf2 {[%emt 0:00:30]} Bxg6 {[%emt 0:00:30]} 27. Bxg6 {[%emt 0:00:30]} Ng4+ {[%emt 0:00:30]} 28. Kg1 {[%emt 0:00:30]} Ne5 {[%emt 0:00:30]} 29. Qe4 {[%emt 0:00:30]} Ra5 {[%emt 0:00:30]} 30. Bd2 {[%emt 0:00:30]} Rd5 {[%emt 0:00:30]} 31. Bb4 {[%emt 0:00:30]} Rf4 {[%emt 0:00:30]} 32. Qe2 {[%emt 0:00:30]} Rxd1+ {[%emt 0:00:30]} 33. Rxd1 {[%emt 0:00:30]} Nxg6 {[%emt 0:00:30]} 34. Rd7 {[%emt 0:00:30]} Nf8 {[%emt 0:00:30]} 35. Bxf8 {[%emt 0:00:30]} Qxf8 {[%emt 0:00:30]} 36. Qxe6+ {[%emt 0:00:30]} Rf7 {[%emt 0:00:30]} 37. Qg6+ {[%emt 0:00:30]} Rg7 {[%emt 0:00:30]} 38. Rxg7+ {[%emt 0:00:30]} Qxg7 {[%emt 0:00:30]} 39. Qe6+ {[%emt 0:00:30]} Kh7 {[%emt 0:00:30]} 40. Qd7 {[%emt 0:00:30]} Kh8 {[%emt 0:00:30]} 41. Qxg7+ {[%emt 0:30:30]} Kxg7 {[%emt 0:30:30]} 42. Kf2 {[%emt 0:00:30]} Kf6 {[%emt 0:00:30]} 43. Ke3 {[%emt 0:00:30]} Ke5 {[%emt 0:00:30]} 44. Kd3 {[%emt 0:00:30]} Kd5 {[%emt 0:00:30]} 45. Kc3 {[%emt 0:00:30]} Kc5 {[%emt 0:00:30]} 46. g4 {[%emt 0:00:30]} Kb5 {[%emt 0:00:30]} 47. Kd4 {[%emt 0:00:30]} Kxc6 {[%emt 0:00:30]} 48. Kc4 {[%emt 0:00:30]} Kd6 {[%emt 0:00:30]} 49. Kb4 {[%emt 0:00:30]} Kd5 {[%emt 0:00:30]} 50. Kb5 {[%emt 0:00:30]} Kd4 {[%emt 0:00:30]} 51. Kxa4 {[%emt 0:00:30]} Kc4 {[%emt 0:00:30]} 52. Ka5 {[%emt 0:00:30]} Kd3 {[%emt 0:00:30]} 53. Kb4 {[%emt 0:00:30]} Kc2 {[%emt 0:00:30]} 54. a4 {[%emt 0:00:30]} Kxb2 {[%emt 0:00:30]} 55. a5 {[%emt 0:00:30]} Kc2 {[%emt 0:00:30]} 56. a6 {[%emt 0:00:30]} b2 {[%emt 0:00:30]} 0-1

[Event "FRA-ch Open A-D 2018"]
[Site "Nimes"]
[Date "2018.08.24"]
[Round "7"]
[White "Alcindor, Samuel"]
[Black "Sithisak, Remi"]
[Result "1-0"]
[WhiteElo "1462"]
[BlackElo "1360"]
[Annotator "NA"]
[PlyCount "75"]
[EventDate "2018.08.18"]
[EventType "tourn"]
[EventCountry "FRA"]
[SourceTitle "playchess.com"]
[Source "ChessBase"]
[SourceQuality "1"]
[TimeControl "40/5400+30:1800+30"]

1. e4 {[%emt 0:00:00]} c5 {[%emt 0:03:44]} 2. Nf3 {[%emt 0:00:00]} d6 3. d4 {[%emt 0:00:10]} cxd4 {[%emt 0:00:57]} 4. Nxd4 {[%emt 0:00:07]} Nf6 {[%emt 0:00:24]} 5. Nc3 {[%emt 0:00:10]} a6 {[%emt 0:00:32]} 6. f4 {[%emt 0:01:07]} Qc7 {[%emt 0:11:15]} 7. Be2 {[%emt 0:01:36]} e6 {[%emt 0:01:35]} 8. O-O {[%emt 0:11:11]} Be7 {[%emt 0:02:47]} 9. Be3 {[%emt 0:02:53]} b5 {[%emt 0:03:05]} 10. Bf3 {[%emt 0:03:15]} Bb7 {[%emt 0:01:17]} 11. a3 {[%emt 0:05:36]} Nbd7 {[%emt 0:02:15]} 12. Qe1 {[%emt 0:13:12]} O-O {[%emt 0:09:13]} 13. f5 {[%emt 0:00:59]} e5 {[%emt 0:01:52]} 14. Nb3 {[%emt 0:01:01]} Rac8 {[%emt 0:02:14]} 15. Qg3 {[%emt 0:02:38]} Kh8 {[%emt 0:03:36]} 16. Rad1 {[%emt 0:03:32]} Nb6 {[%emt 0:06:32]} 17. Nd2 {[%emt 0:09:53]} Rfd8 {[%emt 0:05:50]} 18. Kh1 {[%emt 0:03:18]} Bc6 {[%emt 0:09:26]} 19. Qf2 {[%emt 0:02:33]} Rb8 {[%emt 0:05:47]} 20. g4 {[%emt 0:09:52]} d5 {[%emt 0:09:57]} 21. g5 {[%emt 0:06:19]} Nxe4 {[%emt 0:00:55]} 22. Ndxe4 {[%emt 0:02:08]} dxe4 {[%emt 0:01:08]} 23. Nxe4 {[%emt 0:01:36]} Nc4 {[%emt 0:01:59]} 24. f6 {[%emt 0:02:18]} Rxd1 {[%emt 0:02:40]} 25. Rxd1 {[%emt 0:01:27]} Nxb2 {[%emt 0:05:00]} 26. Rb1 {[%emt 0:04:17]} Bxa3 {[%emt 0:00:44]} 27. fxg7+ {[%emt 0:00:22]} Kxg7 {[%emt 0:01:24]} 28. Qh4 {[%emt 0:00:41]} Bd7 {[%emt 0:07:17]} 29. Qh6+ {[%emt 0:06:04]} Kh8 {[%emt 0:00:07]} 30. Nf6 {[%emt 0:00:26]} Bf5 {[%emt 0:00:20]} 31. Nh5 {[%emt 0:00:33]} Bf8 {[%emt 0:00:59]} 32. Qf6+ {[%emt 0:00:44]} Kg8 {[%emt 0:00:04]} 33. Qxf5 {[%emt 0:00:32]} Bg7 {[%emt 0:00:58]} 34. Be4 {[%emt 0:01:08]} Nc4 {[%emt 0:00:36]} 35. Qxh7+ {[%emt 0:00:29]} Kf8 {[%emt 0:00:08]} 36. Qxg7+ {[%emt 0:00:17]} Ke8 {[%emt 0:00:47]} 37. Nf6+ {[%emt 0:00:36]} Ke7 {[%emt 0:00:10]} 38. Nd5+ {[%emt 0:00:14]} 1-0

[Event "FRA-ch Open A-D 2018"]
[Site "Nimes"]
[Date "2018.08.24"]
[Round "7"]
[White "Davidou, Delphine"]
[Black "Leprince, Solal"]
[Result "1-0"]
[WhiteElo "1446"]
[BlackElo "1432"]
[Annotator "NA"]
[PlyCount "59"]
[EventDate "2018.08.18"]
[EventType "tourn"]
[EventCountry "FRA"]
[SourceTitle "playchess.com"]
[Source "ChessBase"]
[SourceQuality "1"]
[TimeControl "40/5400+30:1800+30"]

1. d4 {[%emt 0:00:37]} d5 {[%emt 0:00:00]} 2. c4 {[%emt 0:00:13]} e6 {[%emt 0:00:01]} 3. cxd5 {[%emt 0:00:24]} exd5 {[%emt 0:01:03]} 4. Nc3 {[%emt 0:00:21]} Nf6 {[%emt 0:00:49]} 5. Bg5 {[%emt 0:00:40]} Be7 {[%emt 0:02:36]} 6. e3 {[%emt 0:00:43]} O-O {[%emt 0:00:50]} 7. Bd3 {[%emt 0:01:22]} Nbd7 {[%emt 0:00:39]} 8. Qc2 {[%emt 0:05:25]} b6 {[%emt 0:01:53]} 9. Nf3 {[%emt 0:03:54]} h6 {[%emt 0:01:36]} 10. Bf4 {[%emt 0:04:14]} c5 {[%emt 0:01:21]} 11. O-O {[%emt 0:12:53]} Bb7 {[%emt 0:00:36]} 12. Nb5 {[%emt 0:07:28]} Ne4 {[%emt 0:02:50]} 13. Bxe4 {[%emt 0:06:05]} dxe4 {[%emt 0:00:20]} 14. Nd2 {[%emt 0:02:45]} cxd4 {[%emt 0:03:45]} 15. Nxd4 {[%emt 0:08:48]} Rc8 {[%emt 0:03:47]} 16. Qd1 {[%emt 0:03:45]} Nc5 {[%emt 0:01:51]} 17. Qg4 {[%emt 0:02:06]} Bg5 {[%emt 0:02:58]} 18. Nf5 {[%emt 0:09:31]} Qf6 {[%emt 0:07:28]} 19. Bxg5 {[%emt 0:05:46]} hxg5 {[%emt 0:00:27]} 20. Ng3 {[%emt 0:07:33]} Rfe8 {[%emt 0:06:30]} 21. Qf5 {[%emt 0:03:15]} Qxb2 {[%emt 0:04:32]} 22. Nc4 {[%emt 0:01:29]} Qf6 {[%emt 0:05:55]} 23. Qxf6 {[%emt 0:00:34]} gxf6 {[%emt 0:00:21]} 24. Nd6 {[%emt 0:00:24]} Ba6 {[%emt 0:00:18]} 25. Rfc1 {[%emt 0:05:26]} Re6 {[%emt 0:01:51]} 26. Nxc8 {[%emt 0:00:31]} Bxc8 {[%emt 0:00:07]} 27. Rd1 {[%emt 0:01:01]} Bb7 {[%emt 0:00:30]} 28. Rd8+ {[%emt 0:01:03]} Kh7 {[%emt 0:02:39]} 29. Nf5 {[%emt 0:00:43]} Bc6 {[%emt 0:01:28]} 30. Nd4 {[%emt 0:01:44]} 1-0

[Event "FRA-ch Open A-D 2018"]
[Site "Nimes"]
[Date "2018.08.24"]
[Round "7"]
[White "Jugeau, Frederic"]
[Black "Gignoux Pezzetti, Nathan"]
[Result "0-1"]
[WhiteElo "1409"]
[BlackElo "1458"]
[Annotator "NA"]
[PlyCount "122"]
[EventDate "2018.08.18"]
[EventType "tourn"]
[EventCountry "FRA"]
[SourceTitle "playchess.com"]
[Source "ChessBase"]
[SourceQuality "1"]
[TimeControl "40/5400+30:1800+30"]

1. e4 {[%emt 0:00:04]} e5 {[%emt 0:00:00]} 2. f4 {[%emt 0:00:07]} Bc5 {[%emt 0:00:00]} 3. Nf3 {[%emt 0:00:58]} d6 {[%emt 0:00:00]} 4. Bc4 {[%emt 0:00:27]} Nf6 {[%emt 0:01:58]} 5. Nc3 {[%emt 0:02:55]} Nc6 {[%emt 0:00:22]} 6. d3 {[%emt 0:00:33]} Bg4 {[%emt 0:00:12]} 7. Na4 {[%emt 0:01:29]} O-O {[%emt 0:01:37]} 8. Nxc5 {[%emt 0:07:14]} dxc5 {[%emt 0:00:11]} 9. h3 {[%emt 0:02:07]} Bxf3 {[%emt 0:02:35]} 10. Qxf3 {[%emt 0:04:07]} Qd6 {[%emt 0:00:58]} 11. a3 {[%emt 0:05:48]} b5 {[%emt 0:10:18]} 12. Ba2 {[%emt 0:08:56]} Nd4 {[%emt 0:05:25]} 13. Qf2 {[%emt 0:01:04]} exf4 {[%emt 0:14:58]} 14. Bxf4 {[%emt 0:02:14]} Nxc2+ {[%emt 0:00:33]} 15. Kd2 {[%emt 0:15:25]} Nxe4+ {[%emt 0:01:25]} 16. Kxc2 {[%emt 0:00:20]} Qxd3+ {[%emt 0:00:47]} 17. Kxd3 {[%emt 0:02:16]} Nxf2+ {[%emt 0:00:05]} 18. Kc2 {[%emt 0:03:38]} Nxh1 {[%emt 0:00:19]} 19. Rxh1 {[%emt 0:00:05]} c4 {[%emt 0:15:49]} 20. Bxc7 {[%emt 0:07:39]} Rfe8 {[%emt 0:02:05]} 21. Rd1 {[%emt 0:03:05]} Re2+ {[%emt 0:02:40]} 22. Rd2 {[%emt 0:00:23]} Rae8 {[%emt 0:03:26]} 23. Kd1 {[%emt 0:03:08]} Re1+ {[%emt 0:00:33]} 24. Kc2 {[%emt 0:01:01]} R8e2 {[%emt 0:00:55]} 25. Bg3 {[%emt 0:03:54]} Rxd2+ {[%emt 0:00:54]} 26. Kxd2 {[%emt 0:01:59]} Rg1 {[%emt 0:00:17]} 27. Bf2 {[%emt 0:05:15]} Rxg2 {[%emt 0:00:27]} 28. Ke2 {[%emt 0:00:20]} a6 {[%emt 0:00:53]} 29. Kf3 {[%emt 0:01:30]} Rg5 {[%emt 0:01:36]} 30. Bb1 {[%emt 0:00:53]} Rd5 {[%emt 0:01:58]} 31. Be3 {[%emt 0:01:55]} f5 {[%emt 0:14:59]} 32. Bc2 {[%emt 0:03:32]} Kf8 {[%emt 0:01:07]} 33. Kf4 {[%emt 0:00:56]} g6 {[%emt 0:00:54]} 34. h4 {[%emt 0:00:32]} Kg7 {[%emt 0:01:32]} 35. Kf3 {[%emt 0:01:13]} h6 {[%emt 0:03:50]} 36. Ke2 {[%emt 0:01:43]} Kh7 {[%emt 0:03:01]} 37. Kf3 {[%emt 0:03:30]} a5 {[%emt 0:02:07]} 38. Ke2 {[%emt 0:01:02]} b4 {[%emt 0:01:41]} 39. axb4 {[%emt 0:02:20]} axb4 {[%emt 0:00:05]} 40. Ba4 {[%emt 0:01:05]} Ra5 {[%emt 0:04:03]} 41. Bc2 {[%emt 0:32:17]} Ra2 {[%emt 0:30:39]} 42. Bc1 {[%emt 0:00:37]} c3 {[%emt 0:00:19]} 43. Kd3 {[%emt 0:00:00]} cxb2 {[%emt 0:00:00]} 44. Bd2 {[%emt 0:00:00]} Ra1 {[%emt 0:00:00]} 45. Bxb4 {[%emt 0:00:00]} b1=Q {[%emt 0:00:00]} 46. Bxb1 {[%emt 0:00:00]} Rxb1 {[%emt 0:00:00]} 47. Be7 {[%emt 0:00:00]} Re1 {[%emt 0:00:00]} 48. Bf6 {[%emt 0:00:00]} Kg8 {[%emt 0:00:00]} 49. Kd2 {[%emt 0:00:00]} Re6 {[%emt 0:00:00]} 50. Bd4 {[%emt 0:00:00]} Re4 {[%emt 0:00:00]} 51. Bf2 {[%emt 0:00:00]} Kf7 {[%emt 0:00:00]} 52. Kd3 {[%emt 0:00:00]} Kf6 {[%emt 0:00:00]} 53. Bg3 {[%emt 0:00:00]} Ke6 {[%emt 0:00:00]} 54. Bf2 {[%emt 0:00:00]} Kd5 {[%emt 0:00:00]} 55. Bg3 {[%emt 0:00:00]} g5 {[%emt 0:00:00]} 56. hxg5 {[%emt 0:00:00]} hxg5 {[%emt 0:00:00]} 57. Bb8 {[%emt 0:00:00]} f4 {[%emt 0:00:00]} 58. Bc7 {[%emt 0:00:00]} g4 {[%emt 0:00:00]} 59. Bb6 {[%emt 0:00:00]} g3 {[%emt 0:00:00]} 60. Bg1 {[%emt 0:00:00]} f3 {[%emt 0:00:00]} 61. Bb6 {[%emt 0:00:00]} f2 {[%emt 0:00:00] Kd4+ Ke5+} 0-1

[Event "FRA-ch Open A-D 2018"]
[Site "Nimes"]
[Date "2018.08.24"]
[Round "7"]
[White "Thoreux-Josso, Aaron"]
[Black "Koch, Emilie"]
[Result "1/2-1/2"]
[WhiteElo "1399"]
[BlackElo "1498"]
[Annotator "NA"]
[PlyCount "104"]
[EventDate "2018.08.18"]
[EventType "tourn"]
[EventCountry "FRA"]
[SourceTitle "playchess.com"]
[Source "ChessBase"]
[SourceQuality "1"]
[TimeControl "40/5400+30:1800+30"]

1. e4 {[%emt 0:00:00]} d5 {[%emt 0:00:00]} 2. exd5 {[%emt 0:00:00]} Nf6 {[%emt 0:00:37]} 3. d4 {[%emt 0:00:00]} Bg4 {[%emt 0:00:27]} 4. Be2 {[%emt 0:00:21]} Bxe2 {[%emt 0:00:24]} 5. Qxe2 {[%emt 0:00:20]} Qxd5 {[%emt 0:00:34]} 6. Nf3 {[%emt 0:00:14]} e6 {[%emt 0:00:34]} 7. Bf4 {[%emt 0:00:25]} Qa5+ {[%emt 0:15:59]} 8. c3 {[%emt 0:02:41]} Bd6 {[%emt 0:16:56]} 9. Bxd6 {[%emt 0:00:59]} cxd6 {[%emt 0:00:28]} 10. O-O {[%emt 0:01:14]} O-O {[%emt 0:07:47]} 11. Nbd2 {[%emt 0:06:05]} Nc6 {[%emt 0:02:40]} 12. Rfe1 {[%emt 0:03:24]} Rac8 {[%emt 0:02:00]} 13. Nc4 {[%emt 0:08:51]} Qc7 {[%emt 0:01:03]} 14. Ne3 {[%emt 0:01:02]} Rfe8 {[%emt 0:02:37]} 15. Rad1 {[%emt 0:04:59]} Ne7 {[%emt 0:08:23]} 16. Qc2 {[%emt 0:06:03]} Ned5 {[%emt 0:04:50]} 17. Nxd5 {[%emt 0:06:36]} Nxd5 {[%emt 0:01:22]} 18. Qb3 {[%emt 0:01:18]} Nb6 {[%emt 0:03:43]} 19. Nd2 {[%emt 0:03:05]} Qc6 {[%emt 0:04:27]} 20. Qb4 {[%emt 0:04:00]} Nd5 {[%emt 0:06:23]} 21. Qa3 {[%emt 0:03:37]} a6 {[%emt 0:02:23]} 22. Ne4 {[%emt 0:00:32]} Rcd8 {[%emt 0:03:39]} 23. f3 {[%emt 0:04:17]} Nb6 {[%emt 0:02:07]} 24. b3 {[%emt 0:07:15]} d5 {[%emt 0:04:15]} 25. Nc5 {[%emt 0:00:26]} Qd6 {[%emt 0:02:15]} 26. Qa5 {[%emt 0:04:03]} Qc6 {[%emt 0:01:41]} 27. Qb4 {[%emt 0:01:23]} Rb8 {[%emt 0:01:11]} 28. Re2 {[%emt 0:03:15]} Nd7 {[%emt 0:00:52]} 29. Nd3 {[%emt 0:02:58]} Rec8 {[%emt 0:01:03]} 30. Rc1 {[%emt 0:01:55]} Qb5 {[%emt 0:02:01]} 31. Qxb5 {[%emt 0:00:25]} axb5 {[%emt 0:00:01]} 32. Nb4 {[%emt 0:00:51]} Rc7 {[%emt 0:00:55]} 33. f4 {[%emt 0:01:21]} g6 {[%emt 0:01:00]} 34. g4 {[%emt 0:01:17]} Nf6 {[%emt 0:00:57]} 35. h3 {[%emt 0:01:36]} Ne4 {[%emt 0:00:31]} 36. c4 {[%emt 0:01:38]} bxc4 {[%emt 0:00:13]} 37. bxc4 {[%emt 0:00:40]} Rd8 {[%emt 0:01:01]} 38. Rcc2 {[%emt 0:01:30]} Nd6 {[%emt 0:00:44]} 39. cxd5 {[%emt 0:02:19]} Rxc2 {[%emt 0:00:29]} 40. Rxc2 {[%emt 0:00:15]} exd5 {[%emt 0:00:23]} 41. Rc5 {[%emt 0:30:40]} Re8 {[%emt 0:05:29]} 42. Rxd5 {[%emt 0:00:00]} Nc4 {[%emt 0:02:56]} 43. Rc5 {[%emt 0:00:00]} Nd6 {[%emt 0:01:07]} 44. Re5 {[%emt 0:00:00]} Rc8 {[%emt 0:00:44]} 45. Rc5 {[%emt 0:00:00]} Re8 {[%emt 0:00:57]} 46. Re5 {[%emt 0:00:00]} Rc8 {[%emt 0:00:50]} 47. Rc5 {[%emt 0:00:00]} Re8 {[%emt 0:01:39]} 48. Re5 {[%emt 0:00:00]} Rc8 {[%emt 0:00:29]} 49. Rd5 Nc4 50. Rc5 Re8 51. Rd5 Re7 52. Rc5 Re4 1/2-1/2

[Event "FRA-ch Open A-D 2018"]
[Site "Nimes"]
[Date "2018.08.25"]
[Round "8"]
[White "Lux, Hugo de Melo"]
[Black "Poulet, Benoit"]
[Result "*"]
[WhiteElo "2147"]
[BlackElo "1965"]
[Annotator "TA"]
[PlyCount "68"]
[EventDate "2018.08.18"]
[EventType "tourn"]
[EventCountry "FRA"]
[SourceTitle "playchess.com"]
[Source "ChessBase"]
[SourceQuality "1"]

{[%evp 16,68,52,57,83,66,95,94,107,70,94,85,86,79,87,84,94,85,81,43,53,49,120,80,69,29,40,26,45,-14,55,-13,18,28,22,17,40,47,50,48,197,57,60,54,48,55,55,55,59,50,68,62,125,116,106]} 1. e4 c5 2. Nc3 Nc6 3. f4 g6 4. Bb5 Bg7 5. Bxc6 dxc6 6. Nf3 Nf6 7. O-O O-O 8. d3 b6 {B21: Sicilian: 2 f4 and Morra Gambit} (8... b5 9. Be3 c4 10. dxc4 b4 11. Na4 Nxe4 12. Qe1 Qa5 13. Bd4 Qxa4 14. Bxg7 Kxg7 15. Qxe4 Bf5 16. Qe5+ {1-0 (57) Bachmann,A (2593)-Hausrath,D (2503) Berlin 2015}) 9. Qe1 {LiveBook: 20 Games} Qc7 10. Qh4 a5 {[#]White is slightly better.} 11. f5 $1 {[%mdl 512]} gxf5 12. Bh6 $146 ({Predecessor:} 12. Bf4 Qd7 13. Bh6 fxe4 14. Bxg7 Kxg7 15. Qg5+ Kh8 16. Ne5 {0-1 (28) De Swardt,N-Dizdarevic,B (1869) Kemer 2009}) 12... Ne8 13. Rae1 {[%mdl 1024] White has strong compensation.} f6 {[#]} 14. e5 $1 {[%mdl 512]} e6 (14... fxe5 15. Bxg7) 15. Bf4 Qe7 16. Qg3 Kh8 17. exf6 Bxf6 18. Ne5 Bd7 (18... Rg8 $14 19. Nxc6 Qf7) 19. Qe3 Ng7 20. Qh3 Be8 $1 21. Nc4 {And now Bd6 would win.} Qd8 22. Kh1 ({White should try} 22. Be5 $14) 22... a4 (22... b5 $11 23. Nd2 a4) 23. a3 ({White should play} 23. Be5 $14) 23... Ra7 (23... b5 $5 {[%cal Rb5c4]} 24. Nd2 Bh5 $15) 24. Be5 b5 25. Bxf6 Qxf6 26. Ne5 Rg8 27. Qe3 Qf8 {[#]} (27... Qe7 $14) 28. Ne2 ({White has to play} 28. Ne4 $1 $18 {[%mdl 512]}) 28... Nh5 $14 29. Nf4 $36 {[%mdl 2048] White has good play.} Nxf4 30. Rxf4 Rag7 31. g3 Qd6 32. Kg1 Qd5 33. Kf2 Rc7 ({Better is} 33... Bg6 $14) 34. Rh4 $16 Rgg7 {Precision: White = 53%, Black = 35%.} *